000 00675cab a2200229 4500
001 ABS56435
008 090401t1997 xxu||||| |||| 00| 0 eng d
035 _a(Sirsi) u23571
041 _aeng
100 _aCook, A.
245 _aStamp of approval
260 _c1997
350 _a0
490 _aBuilding
_v262(7975) 31 January 1997, 44-45(2)
520 _aReports on how the Post Office has produced a guide to the environmental impact of building materials.
650 _aBUILT ENVIRONMENT-BUILDING MATERIALS
650 _aENVIRONMENTAL IMPACT
650 _aPOST OFFICE
690 _aBUILT ENVIRONMENT-BUILDING MATERIALS
942 _n0
948 _c04/03/1997
999 _c15762
_d15762